| 000 | 00668nam a2200229Ia 4500 | ||
|---|---|---|---|
| 008 | 191130s2000##################000#0#eng## | ||
| 020 | _a9780521667890 | ||
| 022 | _a99040259 | ||
| 040 |
_aACL _cACL |
||
| 082 | _a577.01 HUG | ||
| 100 | _aHughes, Jonathan | ||
| 245 |
_aEcology and historical materialism _cJonathan Hughes |
||
| 250 | _a1st ed | ||
| 260 |
_aCambridge _bCambridge University Press _c2000 |
||
| 300 | _ax, 219 p. ; 24 cm | ||
| 500 | _aIncludes bibliographical references (p. 208-215) and index | ||
| 650 | _aEcology | ||
| 650 | _aHistorical materialism | ||
| 990 | _aec66592dac10000c623cf12764e77b6e | ||
| 991 | _a249569 | ||
| 999 |
_c257850 _d257850 |
||